000 00776nam a2200229Ia 4500
003 OSt
005 20220926003338.0
006 a|||||r|||| 00| 0
007 ta
008 220923b |||||||| |||| 00| 0 eng d
020 _a0195651197
_c505.75
037 _bG-4556/13-14, 20/03/2014, Manohar Publishers & Distributors
_cGeneral Book
040 _aRTL
_cRTL
_beng
041 _2eng
_aeng
082 _aX9B:77.2, P1
100 _aMORRIS Sebastian
_9307201
245 0 _aGrowth and transformation of small firms in India.
260 _a New Delhi
_bOxford University Press
_c2001
650 _aSociology
942 _hX9B:77.2, P1
_cGB
_2CC
999 _c607593
_d607593